1492 1230 1192 1516 1525 1212 1420 1610 1825 1251 1196 1510 1260 1577 1622 1225 1243 1023 1835 1385 1136 1978 1727 1779 1054 1963 1801 1758 1152 1561 1139 1889 1243 1817 1452 1437 1800 1145 1001 1078 1955 1307 1513 1816 1400 1440 1164 1922 1242 1485 1940 1283 1336 1265 1353 1393 1384 1062 1766 1563 1256 1706 1332 1827 1365 1269 1232 1044 1982 1906 1654 1643 2000 1936 1583 1932 1502 1259 1264 1409 1397 1936 1231 1198 1290 1548 1402 1982 1895 1166 1416 1317 1736 1753 1662 1630 1841 1688 1546 BCNSPRNW ULIB Ver.6.0+V

เปลี่ยนเป็นภาษาไทย

Change to English
 แสดงรายละเอียดบรรณานุกรม
  กลับหน้าหลัก

Brief Record : Get Marc (ISO 2709) : E-mail record : QR code < ปิดหน้าต่าง
LEADER : 00000nam 2200000uu 4500
001    13399123220
003     ULIB
008    140715s2555||||th 000 0 tha d
020    ^a9786167323695
060  4 ^aWK815^bอ494ง
100    อังศุมาลิน มั่งคั่ง และคนอื่นๆ
245    ^aงานวิจัยการดูแลผู้ป่วยโรคเบาหวาน ^nR2R Diabetic Care/^cวีระวัฒน์ พันธุ์ครุฑ รัชนีวัลย์ สมจิตรานุกิจ, บรรณาธิการ
260    ^aกรุงเทพมหานคร :^bศรีเมืองการพิมพ์,^c2555.
300    ^a167 หน้า
650    ^aการดูแลผู้ป่วยโรคเบาหวาน^xงานวิจัย
650  0 โรคเบาหวาน
700 0  วีระวัฒน์ พันธุ์ครุฑ, บรรณาธิการ
700 0  รัชนีวัลย์ สมจิตรานุกิจ, บรรณาธิการ
710 1  สปสช. สำนักงานหลักประกันสุขภาพแห่งชาติ
945    ^p0^l0^i034510
945    ^p0^l0^i034511
945    ^p0^l0^i034512
945    ^p0^l0^i034513
945    ^p0^l0^i034514
999    ^aเกษร โพธิ์สุวรรณ
รายการนี้ยังไม่มีแท็ก
คุณยังไม่ได้ล็อกอิน คุณสามารถมีกิจกรรมร่วมกับเว็บไซต์ได้ แต่ต้องล็อกอินก่อน ::
  ล็อกอิน

รายการสื่อสารสนเทศ

ลำดับที่ ประเภท เลขเรียก/บาร์โค้ด สถานที่ สถานะ
1. วิทยาศาสตร์การแพทย์ และสุขภาพ
หนังสือสำรอง
สถานะ=หนังสือสำรอง
WK815 อ494ง ฉ.1 
  Barcode: 034510
ห้องสมุดวิทยาเขตสวรรค์ประชารักษ์
►ส่วนจัดเก็บหนังสือเก่า สปร
บนชั้น
  ขอยืม
Note:อภินันทนาการ
2. วิทยาศาสตร์การแพทย์ และสุขภาพ
วิทยาศาสตร์การแพทย์ และสุขภาพ
WK815 อ494ง ฉ.2 
  Barcode: 034511
ห้องสมุดวิทยาเขตสวรรค์ประชารักษ์
►ส่วนจัดเก็บหนังสือเก่า สปร
บนชั้น
  ขอยืม
Note:อภินันทนาการ
3. วิทยาศาสตร์การแพทย์ และสุขภาพ
วิทยาศาสตร์การแพทย์ และสุขภาพ
WK815 อ494ง ฉ.3 
  Barcode: 034512
ห้องสมุดวิทยาเขตสวรรค์ประชารักษ์
►หนังสือทั่วไป
ถูกยืม กำหนดส่งวันที่ 8 พฤษภาคม 2568
  จอง
Note:อภินันทนาการ
4. วิทยาศาสตร์การแพทย์ และสุขภาพ
วิทยาศาสตร์การแพทย์ และสุขภาพ
WK815 อ494ง ฉ.4 
  Barcode: 034513
ห้องสมุดวิทยาเขตสวรรค์ประชารักษ์
►ส่วนจัดเก็บหนังสือเก่า สปร
บนชั้น
  ขอยืม
Note:อภินันทนาการ
5. วิทยาศาสตร์การแพทย์ และสุขภาพ
วิทยาศาสตร์การแพทย์ และสุขภาพ
WK815 อ494ง ฉ.5 
  Barcode: 034514
ห้องสมุดวิทยาเขตสวรรค์ประชารักษ์
►ส่วนจัดเก็บหนังสือเก่า สปร
บนชั้น
  ขอยืม
Note:อภินันทนาการ

รายการใกล้เคียง
    หัวเรื่อง [โรคเบาหวาน]

BibComment


ยังไม่เคยถูกคอมเมนท์

คอมเมนท์ทรัพยากรรายการนี้
  คอมเมนท์: งานวิจัยการดูแลผ..


 Copyright 2026. Bcnsprnw @Library